000 00607nam a2200229Ia 4500
003 OSt
005 20221007072551.0
006 a|||||r|||| 00| 0
007 ta
008 221006b |||||||| |||| 00| 0 eng d
024 _a27,602
037 _cTextual
040 _aFLL
_cFLL
_beng
041 _2eng
_aeng
082 _aZ654:94, K6
100 _aAguda T. Akinola
_9690935
245 0 _aLaw of evidence in Nigeria
260 _aLondon
_bSweet & Maxwell London
_c1966
300 _axxx,403p
_ccm.
942 _hZ654:94, K6
_cTEXL
_2CC
999 _c1146424
_d1146424